00807nam a2200217 i 4500001000700000003000900007007000300016008004100019020001800060080001500078080001500093100002900108245015500137260003100292300002200323650004100345700003100386852003200417999001900449952012100468128598ES-MaACLt|070521s1985 sp ||||1| spa d a84-234-0598-2 a681.31.065 a658.011.561 aTanguy, Jacques.910919310aElección y compra del software de gestión / cJacques Tanguy con la colaboración de los ingenieros del C.X.P. ; traducción, Armando Jiménez. aBilbao : bDeusto, c1985. a171 p. ; c23 cm.17aProgramas de ordenador2embne9164681 aJiménez, Armando.966397 aES-MaACLjL-8939 bR.110616 c128598d128598 00104070aATENEOMbATENEOMcDEPO2d2008-01-17eSCl0oL-8939p1133930r2023-02-23 00:00:00w2023-02-23yMONOGRAFIA